El grito de dolores : Sus antecedentes y consecuencias /
Guardado en:
| Autor Principal: | |
|---|---|
| Formato: | Libro |
| Idioma: | Undetermined |
| Publicado: |
Buenos Aires :
Editorial Tor,
1935.
|
| Materias: | |
| Etiquetas: |
Agregar Etiqueta
Sin Etiquetas, Sea el primero en etiquetar este registro!
|
| LEADER | 00500nam a22001575a 4500 | ||
|---|---|---|---|
| 001 | EHU.bham048464 | ||
| 005 | 20110930145716.0 | ||
| 008 | 110930s1935####ag############000#0#und#d | ||
| 100 | 1 | |a Selva, Juan B. | |
| 245 | 0 | 0 | |a El grito de dolores : |b Sus antecedentes y consecuencias / |c Juan B. Selva. |
| 260 | |a Buenos Aires : |b Editorial Tor, |c 1935. | ||
| 300 | |a 223 p. | ||
| 653 | |a Historia argentina | ||
| 653 | |a Rosas | ||
| 653 | |a Batallas | ||
| 859 | |a AR-BHAM |b BIB. HUMANIDADES - Donacion Lejarraga |h MFN002683 |p 002683.19 | ||
